000 00242nam a2200109Ia 4500
008 190912s9999||||xx |||||||||||||| ||und||
100 _aH K Sahary
245 0 _aCompany Law
260 _aIndia
_bNew central
_c1995
300 _a530
942 _cBK
999 _c7227
_d7227